| 000 | 00343nam a22001457a 4500 | ||
|---|---|---|---|
| 020 | _a- | ||
| 082 | _a297.09 | ||
| 100 | _aIbn-e-Khaldoon | ||
| 245 | _aMuqadma Ibn-e-Khaldoon (Urdu) | ||
| 260 |
_aKarachi (Pakistan) _bNafees Academy _c2001 |
||
| 300 |
_a428 p. _bill. ; |
||
| 500 | _aIncludes index. | ||
| 650 | _aIslam--History. | ||
| 942 | _cBK | ||
| 999 |
_c12135 _d12135 |
||